[Event "World Senior Teams +65"]
[Site "Radebeul GER"]
[Date "2016.07.03"]
[Round "8.7"]
[Board "2"]
[White "Sprotte, Norbert"]
[Black "Ulrichsen, Jarl H"]
[Result "1/2-1/2"]
[BlackTitle "FM"]
[WhiteElo "2216"]
[BlackElo "2187"]
[WhiteTeam "Berlin"]
[BlackTeam "Norway 1"]
[WhiteFideId "4607015"]
[BlackFideId "1500350"]
[EventDate "2016.06.26"]

1. d4 Nf6 2. Nf3 e6 3. e3 b6 4. Bd3 Bb7 5. O-O Be7 6. c4 Ne4 7. Nfd2 Nxd2 8.
Nxd2 c5 9. Nf3 O-O 10. d5 exd5 11. cxd5 d6 12. e4 Bf6 13. Qc2 Nd7 14. Bf4 Qe7
15. Rad1 h6 16. h3 Rfc8 17. b3 a6 18. a4 Rcb8 19. Rfe1 Ne5 20. Nxe5 Bxe5 21. Be3
Bc8 22. Qe2 Bd7 23. Bxa6 b5 24. axb5 Bc3 25. Bd2 Bxd2 26. Rxd2 Rb6 27. e5 Rab8
28. exd6 Qxd6 29. Rc1 Bxb5 30. Bxb5 Rxb5 31. Qc4 Rxb3 32. Qxc5 Qxc5 33. Rxc5
Rb1+ 34. Kh2 R1b2 35. Rc8+ Kh7 36. Rxb2 Rxb2 37. Kg3 Kg6 38. Kf3 Kf6 39. Rc7 Ra2
40. Ke3 Ra3+ 41. Kd4 Ra2 42. Ke3 Ra3+ 43. Ke4 Ra4+ 44. Kf3 Ra3+ 45. Kg4 Ra2 46.
Kg3 Ra3+ 47. f3 Rd3 48. Rd7 Rd2 49. f4 h5 50. h4 Rd3+ 51. Kh2 Rd4 52. Kg3 1/2-1/2

[Event "World Senior Teams +65"]
[Site "Radebeul GER"]
[Date "2016.07.03"]
[Round "8.7"]
[Board "3"]
[White "Gundersen, Helge"]
[Black "Neese, Hans-Joachim"]
[Result "1-0"]
[BlackTitle "FM"]
[WhiteElo "2144"]
[BlackElo "2159"]
[WhiteTeam "Norway 1"]
[BlackTeam "Berlin"]
[WhiteFideId "1500465"]
[BlackFideId "4635019"]
[EventDate "2016.06.26"]

1. e4 c5 2. Nc3 d6 3. f4 Nc6 4. Nf3 a6 5. a4 e6 6. g3 Be7 7. Bg2 Qc7 8. d3 Nf6
9. O-O Rb8 10. h3 O-O 11. g4 g6 12. Ne2 Nd4 13. b3 Nxf3+ 14. Bxf3 d5 15. Bb2 d4
16. Bc1 b5 17. axb5 axb5 18. Bd2 Bb7 19. g5 Nd7 20. Ba5 Qc8 21. Qe1 Ra8 22. c3
e5 23. h4 f6 24. Qg3 Bd6 25. f5 Qe8 26. cxd4 cxd4 27. Bg4 fxg5 28. hxg5 Ra6 29.
Qh3 Nc5 30. Bb4 Rxa1 31. Rxa1 Nxe4 32. dxe4 Bxb4 33. Ra7 Qc6 34. fxg6 hxg6 35.
Be6+ Rf7 36. Bd5 d3 37. Rxb7 Qxb7 38. Qxd3 Kg7 39. Qh3 Qa7+ 40. Kh1 Qa1+ 41. Ng1
Kf8 42. Qc8+ Kg7 43. Qe6 Rf8 44. Qd7+ Kh8 45. Qh3+ 1-0

[Event "World Senior Teams +65"]
[Site "Radebeul GER"]
[Date "2016.07.03"]
[Round "8.7"]
[Board "4"]
[White "Glatthor, Thomas"]
[Black "Sollid, Stein"]
[Result "1/2-1/2"]
[WhiteElo "2042"]
[BlackElo "2014"]
[WhiteTeam "Berlin"]
[BlackTeam "Norway 1"]
[WhiteFideId "24697400"]
[BlackFideId "1503057"]
[EventDate "2016.06.26"]

1. d4 Nf6 2. Nf3 b6 3. g3 Bb7 4. Bg2 e6 5. c4 Be7 6. O-O O-O 7. Nc3 Ne4 8. Qc2
Nxc3 9. Qxc3 f5 10. b3 Bf6 11. Bb2 c5 12. Qd2 cxd4 13. Bxd4 Nc6 14. Rad1 Nxd4
15. Nxd4 Bxg2 16. Kxg2 Bxd4 17. Qxd4 Rf7 18. Rd3 Qc7 19. Rfd1 Rc8 20. Qd6 Qxd6
21. Rxd6 Rc7 22. f4 Kf8 23. a4 1/2-1/2

[Event "World Senior Teams +65"]
[Site "Radebeul GER"]
[Date "2016.07.03"]
[Round "8.8"]
[Board "1"]
[White "Danner, Georg"]
[Black "Vogel, Jaap"]
[Result "1/2-1/2"]
[WhiteTitle "IM"]
[BlackTitle "FM"]
[WhiteElo "2338"]
[BlackElo "2126"]
[WhiteTeam "Austria"]
[BlackTeam "Oranje 1"]
[WhiteFideId "1600303"]
[BlackFideId "1000764"]
[EventDate "2016.06.26"]

1. d4 d5 2. Nf3 c6 3. c4 Nf6 4. e3 Bf5 5. Nc3 e6 6. Nh4 Bg6 7. g3 Nbd7 8. Qb3
Qb6 9. Nxg6 hxg6 10. Bg2 Be7 11. Qxb6 axb6 12. cxd5 exd5 13. f3 b5 14. e4 Nb6
15. e5 Nfd7 16. f4 Bb4 17. Ke2 Bxc3 18. bxc3 Ra4 19. Kd3 O-O 20. Rf1 Rfa8 21.
Rf2 b4 22. cxb4 Rxb4 23. a3 Rb5 24. Bh3 Nf8 25. Bf1 Ne6 26. Rb2 Rxb2 27. Bxb2
Nc4 28. Bc1 b5 29. g4 g5 30. f5 Nf4+ 31. Kc3 Ra4 32. h4 f6 33. hxg5 fxe5 34.
Bxf4 exf4 35. Bxc4 Rxc4+ 36. Kd3 Ra4 37. Re1 Rxa3+ 38. Kd2 Ra2+ 39. Kd3 f3 40.
g6 Kf8 41. Rh1 f2 42. g5 Ke7 43. Ke3 b4 44. f6+ gxf6 45. g7 Kf7 46. gxf6 Ra8 47.
Kxf2 Kxf6 48. Rb1 Kxg7 49. Rxb4 Kf6 50. Rb6 Kf5 51. Rxc6 Ke4 52. Rh6 Ra2+ 53.
Ke1 Kxd4 54. Kd1 Kc4 55. Rh3 1/2-1/2

[Event "World Senior Teams +65"]
[Site "Radebeul GER"]
[Date "2016.07.03"]
[Round "8.8"]
[Board "2"]
[White "Ghijsen, Pim"]
[Black "Petschar, Kurt"]
[Result "1-0"]
[BlackTitle "FM"]
[WhiteElo "2174"]
[BlackElo "2278"]
[WhiteTeam "Oranje 1"]
[BlackTeam "Austria"]
[WhiteFideId "1002201"]
[BlackFideId "1600478"]
[EventDate "2016.06.26"]

1. d4 Nf6 2. Nf3 e6 3. c4 b6 4. g3 Ba6 5. Nbd2 c5 6. Bg2 Bb7 7. O-O Be7 8. b3
O-O 9. Bb2 Qc7 10. Rc1 cxd4 11. Nxd4 Bxg2 12. Kxg2 Qb7+ 13. Kg1 Nc6 14. Nxc6
Qxc6 15. Nf3 Rfd8 16. Qd3 h6 17. Rfd1 a6 18. Ne5 Qb7 19. Qf3 Qxf3 20. Nxf3 Rac8
21. Bd4 Bc5 22. Bxc5 Rxc5 23. Rd6 Rc6 24. Rcd1 Rxd6 25. Rxd6 Rb8 26. Ne5 Rb7 27.
f3 Kf8 28. e4 Ke7 29. c5 bxc5 30. Rxa6 Rc7 31. Kf2 d6 32. Nc4 d5 33. exd5 exd5
34. Ne3 g6 35. Rxf6 1-0

[Event "World Senior Teams +65"]
[Site "Radebeul GER"]
[Date "2016.07.03"]
[Round "8.8"]
[Board "3"]
[White "Titz, Heimo"]
[Black "Westerveld, Wim"]
[Result "0-1"]
[WhiteTitle "FM"]
[WhiteElo "2160"]
[BlackElo "2157"]
[WhiteTeam "Austria"]
[BlackTeam "Oranje 1"]
[WhiteFideId "1601520"]
[BlackFideId "1001310"]
[EventDate "2016.06.26"]

1. c4 c5 2. Nc3 Nc6 3. g3 g6 4. Bg2 Bg7 5. Nf3 e5 6. O-O Nge7 7. Ne1 a6 8. Nc2
Rb8 9. a4 a5 10. d3 d6 11. Ne3 O-O 12. Bd2 Be6 13. Ned5 Nb4 14. Nxe7+ Qxe7 15.
Nd5 Bxd5 16. cxd5 e4 17. Bxb4 axb4 18. Rb1 e3 19. f4 f5 20. Qb3 Ra8 21. Bf3 Qd7
22. Ra1 Ra5 23. h3 Rfa8 24. Rab1 Qxa4 25. Qxa4 Rxa4 26. b3 Ra2 27. Rfc1 R8a3 28.
g4 b5 29. gxf5 gxf5 30. Bh5 Rb2 31. Rxb2 Bxb2 32. Rb1 Rxb3 33. Be8 c4 34. dxc4
bxc4 35. Bb5 c3 36. Bd3 Ra3 0-1

[Event "World Senior Teams +65"]
[Site "Radebeul GER"]
[Date "2016.07.03"]
[Round "8.8"]
[Board "4"]
[White "Van Oosten, Arend"]
[Black "Singer, Hans"]
[Result "1/2-1/2"]
[BlackTitle "FM"]
[WhiteElo "2082"]
[BlackElo "2191"]
[WhiteTeam "Oranje 1"]
[BlackTeam "Austria"]
[WhiteFideId "1006053"]
[BlackFideId "1600800"]
[EventDate "2016.06.26"]

1. e4 c6 2. d4 d5 3. Nc3 dxe4 4. Nxe4 Nf6 5. Nxf6+ exf6 6. c3 Bd6 7. Bd3 O-O 8.
Qc2 g6 9. Ne2 Re8 10. Bd2 Nd7 11. O-O-O Nf8 12. h4 Bg4 13. Rde1 Bxe2 14. Bxe2
Qc7 15. Bf3 Bf4 16. Bxf4 Qxf4+ 17. Qd2 Ne6 18. Qxf4 Nxf4 19. Kd2 Ne6 20. Kc2
Rad8 21. Rd1 Nc7 22. Rhe1 Re6 23. Re3 Rxe3 24. fxe3 f5 25. c4 Kf8 26. b4 Ke7 27.
g3 a6 28. a4 Kd6 29. Rb1 Re8 30. Kd3 Ra8 31. Kc3 Re8 32. Kd3 Ra8 33. Kc3 Re8 1/2-1/2

[Event "World Senior Teams +65"]
[Site "Radebeul GER"]
[Date "2016.07.03"]
[Round "8.9"]
[Board "1"]
[White "Birk, Rainer"]
[Black "Rosen, Willy"]
[Result "0-1"]
[BlackTitle "FM"]
[WhiteElo "2136"]
[BlackElo "2266"]
[WhiteTeam "Oberlausitz"]
[BlackTeam "Sportfreunde Katernberg"]
[WhiteFideId "4684699"]
[BlackFideId "4605535"]
[EventDate "2016.06.26"]

1. d4 Nf6 2. Nf3 e6 3. e3 b6 4. Bd3 Bb7 5. Nbd2 c5 6. O-O Be7 7. b3 O-O 8. Bb2
d5 9. Ne5 Ne4 10. c3 f6 11. Nef3 Nd7 12. c4 Qe8 13. Qc2 f5 14. cxd5 exd5 15. Bb5
a6 16. Bxd7 Qxd7 17. Ne5 Qe6 18. f4 Rac8 19. Qd3 Bd6 20. Rac1 Nxd2 21. Qxd2 c4
22. Rc2 b5 23. Bc3 cxb3 24. axb3 b4 25. Bb2 Rxc2 26. Qxc2 Rc8 27. Qd2 Rc7 28.
Rc1 Qc8 29. Rxc7 Qxc7 30. Nd3 a5 31. Qc1 Qxc1+ 32. Nxc1 Ba6 33. Kf2 Kf7 34. Ke1
Ke7 35. Kd2 Bf1 36. g3 Kf7 37. Ke1 Bb5 38. Kf2 h6 39. Ba1 g5 40. h3 Be7 41. Bb2
Ke8 42. Ba1 g4 43. h4 Kd7 44. Bb2 Kc6 45. Ke1 Kb6 46. Kd2 Ba6 47. Ke1 a4 48.
bxa4 Bc4 49. Kd2 Ka5 50. Nd3 Bxd3 0-1

[Event "World Senior Teams +65"]
[Site "Radebeul GER"]
[Date "2016.07.03"]
[Round "8.9"]
[Board "2"]
[White "Hassenrueck, Helmut"]
[Black "Brauer, Christian"]
[Result "0-1"]
[WhiteElo "2231"]
[BlackElo "2102"]
[WhiteTeam "Sportfreunde Katernberg"]
[BlackTeam "Oberlausitz"]
[WhiteFideId "4670302"]
[BlackFideId "4610938"]
[EventDate "2016.06.26"]

1. d4 e6 2. c4 f5 3. g3 Nf6 4. Bg2 c6 5. Qc2 d5 6. Nh3 Be7 7. O-O O-O 8. Nd2 Na6
9. Nf4 Bd7 10. Nf3 Nc7 11. b3 a5 12. Bb2 Be8 13. Rac1 Nd7 14. Nd3 Bh5 15. Nfe5
Nxe5 16. dxe5 g5 17. f3 Qe8 18. Bd4 Na6 19. Qd2 Qd8 20. c5 Nb8 21. Kh1 Nd7 22.
a3 Rf7 23. e4 Nf8 24. Bb2 Bg6 25. exf5 Bxf5 26. Nf2 Nd7 27. Bd4 h5 28. Nd1 h4
29. Ne3 h3 30. Nxf5 hxg2+ 31. Qxg2 Rxf5 32. f4 Qf8 33. Rc3 Nxc5 34. g4 Rxf4 35.
Rxf4 gxf4 36. Rh3 Ne4 37. Rh5 Qg7 38. h4 Ng3+ 0-1

[Event "World Senior Teams +65"]
[Site "Radebeul GER"]
[Date "2016.07.03"]
[Round "8.9"]
[Board "3"]
[White "Selig, Rainer"]
[Black "Krueger, Erich"]
[Result "1/2-1/2"]
[WhiteElo "2139"]
[BlackElo "2198"]
[WhiteTeam "Oberlausitz"]
[BlackTeam "Sportfreunde Katernberg"]
[WhiteFideId "24646105"]
[BlackFideId "4624718"]
[EventDate "2016.06.26"]

1. d4 Nf6 2. c4 g6 3. Nc3 Bg7 4. e4 d6 5. Nf3 O-O 6. h3 e5 7. dxe5 dxe5 8. Qxd8
Rxd8 9. Bg5 c6 10. Be2 h6 11. Be3 Na6 12. a3 Nh5 13. O-O Nf4 14. Rfd1 Nxe2+ 15.
Nxe2 Be6 16. b3 b6 17. Nc3 f5 18. Rxd8+ Rxd8 19. Rd1 Rxd1+ 20. Nxd1 f4 21. Bc1
Nc5 22. Nd2 Nd3 23. Bb2 Bf8 24. Kf1 Kf7 25. a4 Nxb2 26. Nxb2 Bb4 27. Ke2 a5 28.
Nd3 Bd6 29. Kf3 Kf6 30. Nf1 g5 31. Ke2 b5 32. Nd2 Bd7 33. Nb2 Ba3 34. Nd3 Bd6
35. Nb2 Ba3 36. Nd3 bxa4 37. bxa4 c5 38. Nb3 Bxa4 39. Nxa5 Bd7 40. Kd2 Bb4+ 41.
Nxb4 cxb4 42. Nb7 Ke7 43. Nc5 Bc6 44. f3 Kd6 45. Nd3 h5 46. Nxb4 Bb7 47. Kc3 g4
48. hxg4 hxg4 49. Nd3 g3 50. Kb4 Bxe4 51. Ne1 Bc6 52. Kc3 Bb7 53. Kd3 Kc5 54.
Kc3 e4 55. fxe4 Bxe4 56. Kd2 Kxc4 57. Ke2 Kd4 58. Kd2 Bxg2 59. Nxg2 Ke4 60. Nh4
f3 61. Ke1 Kf4 62. Kf1 Kg4 63. Ng2 Kh3 64. Kg1 Kg4 65. Ne3+ Kf4 66. Nf1 g2 67.
Kf2 Kg4 68. Nh2+ 1/2-1/2

[Event "World Senior Teams +65"]
[Site "Radebeul GER"]
[Date "2016.07.03"]
[Round "8.9"]
[Board "4"]
[White "Armbruester, Juergen"]
[Black "Byhan, Gert"]
[Result "1/2-1/2"]
[WhiteElo "1964"]
[BlackElo "1953"]
[WhiteTeam "Sportfreunde Katernberg"]
[BlackTeam "Oberlausitz"]
[WhiteFideId "24681229"]
[BlackFideId "4648200"]
[EventDate "2016.06.26"]

1. e4 c5 2. Nf3 e6 3. d4 cxd4 4. Nxd4 Nc6 5. Be3 a6 6. Nc3 Qc7 7. Bd3 Nf6 8. O-O
Be7 9. f4 d6 10. Qf3 O-O 11. Rae1 Bd7 12. Kh1 Nxd4 13. Bxd4 e5 14. Be3 Be6 15.
f5 Bc4 16. Bg5 d5 17. Bxf6 dxe4 18. Nxe4 Bxd3 19. Qxd3 Bxf6 20. c3 Kh8 1/2-1/2

[Event "World Senior Teams +65"]
[Site "Radebeul GER"]
[Date "2016.07.03"]
[Round "8.10"]
[Board "1"]
[White "Westerinen, Heikki M.J."]
[Black "Danner, Lambert"]
[Result "1/2-1/2"]
[WhiteTitle "GM"]
[WhiteElo "2308"]
[BlackElo "2086"]
[WhiteTeam "Finland"]
[BlackTeam "Wien 2"]
[WhiteFideId "500020"]
[BlackFideId "1305840"]
[EventDate "2016.06.26"]

1. e4 Nf6 2. e5 Nd5 3. d4 d6 4. Nf3 Bg4 5. Be2 c6 6. Ng5 Bf5 7. Bg4 Bxg4 8. Qxg4
h6 9. Nf3 dxe5 10. dxe5 e6 11. O-O Nd7 12. a3 Qc7 13. Re1 O-O-O 14. c4 Ne7 15.
b4 g5 16. Bb2 Ng6 17. Qe4 Bg7 18. g3 g4 1/2-1/2

[Event "World Senior Teams +65"]
[Site "Radebeul GER"]
[Date "2016.07.03"]
[Round "8.10"]
[Board "2"]
[White "Nickl, Klaus"]
[Black "Hurme, Harri"]
[Result "1/2-1/2"]
[BlackTitle "FM"]
[WhiteElo "2028"]
[BlackElo "2194"]
[WhiteTeam "Wien 2"]
[BlackTeam "Finland"]
[WhiteFideId "1601024"]
[BlackFideId "500321"]
[EventDate "2016.06.26"]

1. d4 Nf6 2. Nf3 g6 3. Bf4 Bg7 4. e3 O-O 5. h3 d6 6. Be2 Nbd7 7. O-O Ne4 8. Nbd2
Nxd2 9. Qxd2 e5 10. Bh2 Qe7 11. Rfd1 c6 12. c3 e4 13. Ne1 d5 14. c4 f5 15. cxd5
cxd5 16. Qa5 Nf6 17. Rac1 b6 18. Qa4 Bd7 19. Bb5 Bxb5 20. Qxb5 Rfc8 21. Be5 Qd7
22. Qxd7 Nxd7 23. Bxg7 Kxg7 24. a4 Kf7 25. Kf1 Ke6 26. Ke2 Kd6 27. Kd2 Nf8 28.
g3 Ne6 29. h4 h6 30. Ng2 g5 31. hxg5 hxg5 32. Rxc8 Rxc8 33. Rh1 f4 34. exf4 gxf4
35. Rh6 Ke7 36. Rh7+ Kf6 37. Rh6+ Kf7 38. Rh7+ Kg6 39. Rd7 f3 40. Nf4+ Nxf4 41.
gxf4 Rc4 42. Rxd5 Rxa4 43. Ke3 Rb4 44. Kxe4 a5 45. f5+ Kg5 46. Rd6 Rxb2 47. Rg6+
Kh5 48. Kf4 Rxf2 49. Rxb6 Rd2 50. Kxf3 Rxd4 51. Ra6 a4 52. Ke3 Rh4 53. Kd2 Kg5
54. f6 Kg6 55. Kc3 Rf4 56. Kb2 Rxf6 57. Rxf6+ Kxf6 58. Ka3 Ke5 59. Kxa4 1/2-1/2

[Event "World Senior Teams +65"]
[Site "Radebeul GER"]
[Date "2016.07.03"]
[Round "8.10"]
[Board "3"]
[White "Vinke, Dietmar"]
[Black "Karlstoetter, Kurt"]
[Result "1-0"]
[WhiteTitle "FM"]
[WhiteElo "2134"]
[BlackElo "1848"]
[WhiteTeam "Finland"]
[BlackTeam "Wien 2"]
[WhiteFideId "1703196"]
[BlackFideId "1642863"]
[EventDate "2016.06.26"]

1. d4 d5 2. Nf3 Nf6 3. e3 c6 4. Bd3 g6 5. O-O Bg7 6. Nbd2 O-O 7. c3 Nfd7 8. e4
dxe4 9. Nxe4 e5 10. dxe5 Nxe5 11. Nxe5 Bxe5 12. Bg5 Qb6 13. Qc2 Be6 14. Be3 Qc7
15. f4 Bg7 16. Ng5 Re8 17. Nxe6 Rxe6 18. Rae1 Nd7 19. f5 Ree8 20. fxg6 hxg6 21.
Bf4 Qb6+ 22. Kh1 Nf8 23. Bc4 Rxe1 24. Rxe1 Rd8 25. Re7 Qc5 26. Bxf7+ Kh8 27. Re1
Qf5 28. Qxf5 gxf5 29. h3 Bf6 30. Bh5 Kg7 31. Rd1 Rxd1+ 32. Bxd1 Ne6 33. Bb8 a6
34. Bc2 f4 35. Bf5 Nc5 36. Bxf4 Na4 37. Bc1 1-0

[Event "World Senior Teams +65"]
[Site "Radebeul GER"]
[Date "2016.07.03"]
[Round "8.10"]
[Board "4"]
[White "Prochaska, Juergen"]
[Black "Luodonpaa, Martti"]
[Result "1/2-1/2"]
[WhiteElo "1887"]
[BlackElo "1831"]
[WhiteTeam "Wien 2"]
[BlackTeam "Finland"]
[WhiteFideId "1601806"]
[BlackFideId "502880"]
[EventDate "2016.06.26"]

1. e4 d5 2. exd5 Qxd5 3. Nc3 Qd6 4. d4 Nf6 5. Be2 g6 6. Nf3 Bg7 7. O-O O-O 8.
Be3 c6 9. Qd2 Re8 10. Rad1 Bf5 11. Bf4 Qd8 12. h3 Nd5 13. Nxd5 cxd5 14. Be5 f6
15. Bg3 Be6 16. Qb4 Qc8 17. c3 Nc6 18. Qb5 Qd7 19. Rfe1 Rac8 20. b3 a6 21. Qb6
Nd8 22. c4 Bf7 23. Nd2 1/2-1/2

[Event "World Senior Teams +65"]
[Site "Radebeul GER"]
[Date "2016.07.03"]
[Round "8.11"]
[Board "1"]
[White "Vucenovic, Dragomir"]
[Black "Liebert, Heinz"]
[Result "1/2-1/2"]
[WhiteTitle "FM"]
[BlackTitle "IM"]
[WhiteElo "2264"]
[BlackElo "2182"]
[WhiteTeam "Switzerland"]
[BlackTeam "Sachsen-Anhalt"]
[WhiteFideId "1300393"]
[BlackFideId "4611438"]
[EventDate "2016.06.26"]

1. d4 Nf6 2. Nf3 e6 3. g3 b6 4. Bg2 Bb7 5. O-O Be7 6. c4 O-O 7. Nc3 Ne4 8. Qc2
Nxc3 9. Qxc3 f5 10. Rd1 Bf6 11. Qe3 Re8 12. Bd2 d6 13. Bc3 Nd7 14. b4 Qe7 15.
Rab1 Rad8 16. Ne1 Bxg2 17. Nxg2 e5 18. d5 Qf7 19. Rb3 Ra8 20. Ra3 Be7 21. Bb2 a6
22. Qc1 Rec8 23. Qc2 g6 24. e4 a5 25. bxa5 Rxa5 26. Rxa5 bxa5 27. Bc3 Nc5 28.
exf5 Qxf5 29. Qxf5 gxf5 30. Bxa5 Ra8 31. Bxc7 Rxa2 32. Bb6 Ne4 33. Be3 Nc3 34.
Re1 Ra4 35. Bc1 Rxc4 36. Ne3 Ne2+ 37. Rxe2 Rxc1+ 38. Kg2 f4 39. gxf4 exf4 40.
Nf5 Bf8 41. Re4 Rd1 42. Rd4 Rxd4 43. Nxd4 Bg7 44. Ne6 Be5 45. Kf3 Kf7 46. Kg4
Kf6 47. Nxf4 Bd4 48. Nd3 Kg6 49. f3 Bc3 50. h3 Bd2 51. Nf4+ Kf6 52. Nh5+ Ke5 53.
f4+ Kxd5 54. Nf6+ Ke6 55. Nxh7 d5 56. h4 Bc3 57. h5 Bg7 58. Ng5+ Kf6 59. Nf3 Bh6
60. Ne5 Bg7 61. Nc6 Ke6 62. Kg5 d4 63. Nb4 Kf7 64. Nd3 Bf6+ 65. Kf5 Bg7 66. Nf2
Bf8 67. Ng4 Kg7 68. Ke4 Bc5 69. f5 Bb6 70. f6+ Kh7 71. Ne5 Bd8 72. f7 Be7 73.
Kf5 Kh6 74. Kg4 Ba3 1/2-1/2

[Event "World Senior Teams +65"]
[Site "Radebeul GER"]
[Date "2016.07.03"]
[Round "8.11"]
[Board "2"]
[White "Bondick, Karl-Heinz"]
[Black "Bhend, Edwin"]
[Result "0-1"]
[BlackTitle "IM"]
[WhiteElo "2055"]
[BlackElo "2169"]
[WhiteTeam "Sachsen-Anhalt"]
[BlackTeam "Switzerland"]
[WhiteFideId "4692071"]
[BlackFideId "1300288"]
[EventDate "2016.06.26"]

1. d4 d5 2. e4 dxe4 3. Nc3 Nf6 4. f3 e3 5. Bxe3 e6 6. Bb5+ Bd7 7. Bd3 Nc6 8. a3
Nd5 9. Bd2 Nxd4 10. Ne4 Be7 11. Nh3 e5 12. Nhf2 O-O 13. c3 Nf5 14. Qc1 Nh4 15.
O-O f5 16. Ng3 Kh8 17. c4 Nf6 18. Re1 f4 19. Nge4 c6 20. Bc3 Bf5 21. Bxe5 Nxe4
22. fxe4 Bc5 23. Bf1 Be6 24. b4 Nf3+ 25. gxf3 Qg5+ 26. Kh1 Bxf2 0-1

[Event "World Senior Teams +65"]
[Site "Radebeul GER"]
[Date "2016.07.03"]
[Round "8.11"]
[Board "4"]
[White "Ruemmler, Roland"]
[Black "Illi, Hans-Joerg"]
[Result "1/2-1/2"]
[WhiteElo "1952"]
[BlackElo "2042"]
[WhiteTeam "Sachsen-Anhalt"]
[BlackTeam "Switzerland"]
[WhiteFideId "4636180"]
[BlackFideId "1300431"]
[EventDate "2016.06.26"]

1. d4 e6 2. Nf3 Nf6 3. g3 b5 4. Bg2 Bb7 5. O-O c5 6. e3 Be7 7. b3 O-O 8. Bb2 d5
9. Ne5 Nfd7 10. c4 Nxe5 11. dxe5 bxc4 12. bxc4 Qb6 13. Qb3 Na6 14. Rd1 Nb4 15.
Nd2 a5 16. a3 a4 17. Qc3 d4 18. exd4 cxd4 19. Qxd4 Bc5 20. Qc3 Bxg2 21. Kxg2 Nd3
22. Qxd3 Qxb2 23. Ne4 Qxe5 24. Nxc5 Qxc5 25. Qd4 Qc6+ 1/2-1/2

[Event "World Senior Teams +65"]
[Site "Radebeul GER"]
[Date "2016.07.03"]
[Round "8.12"]
[Board "1"]
[White "Harding, Tim D"]
[Black "Haubt, Georg"]
[Result "0-1"]
[WhiteTitle "CM"]
[BlackTitle "FM"]
[WhiteElo "2001"]
[BlackElo "2132"]
[WhiteTeam "Ireland"]
[BlackTeam "Hessen 1"]
[WhiteFideId "2500256"]
[BlackFideId "4604016"]
[EventDate "2016.06.26"]

1. d4 f5 2. Bg5 Nf6 3. Bxf6 exf6 4. e3 g6 5. Bd3 b6 6. Ne2 Bh6 7. O-O Nc6 8. Ng3
O-O 9. Bxf5 gxf5 10. Nxf5 Bg7 11. Qg4 Rf7 12. Nh6+ Kf8 13. Nxf7 Kxf7 14. Nd2 d5
15. Qh5+ Kg8 16. c3 Ne7 17. e4 dxe4 18. Nxe4 Bb7 19. Rfe1 Qe8 20. Qxe8+ Rxe8 21.
Ng3 Kf7 22. Re2 Ba6 23. Ree1 Rd8 24. a4 Bd3 25. a5 b5 26. Ne4 Nd5 27. Nc5 Bf5
28. f3 Bh6 29. Kf2 Bf8 30. g3 h5 31. Rad1 Rd6 32. Nb7 Ra6 33. Ra1 Be7 34. Nc5
Rc6 35. Ne4 Bf8 36. Nd2 Bh6 37. f4 Bf8 38. Kg2 Bd3 39. Rac1 Ra6 40. Ra1 Be7 41.
Kf3 Bf8 42. h3 c5 43. dxc5 Bxc5 44. Nb3 Bd6 45. Nd4 f5 46. Re6 h4 47. Rae1 Be4+
48. R6xe4 fxe4+ 49. Kxe4 Nf6+ 50. Kf5 hxg3 51. b4 Nd5 52. Rg1 Bxf4 53. Ke4 Rd6
54. Nxb5 Rg6 55. Kxd5 g2 56. Nxa7 Be3 57. Rxg2 Rxg2 58. Nc6 Rc2 59. c4 Rd2+ 60.
Ke4 Bf2 61. b5 Ke6 62. a6 Kd6 63. a7 Ra2 64. Nb4 Rxa7 65. Nd3 Re7+ 66. Kf5 Be3
67. h4 Rc7 68. b6 Rxc4 69. b7 Kc7 70. h5 Rh4 0-1

[Event "World Senior Teams +65"]
[Site "Radebeul GER"]
[Date "2016.07.03"]
[Round "8.12"]
[Board "2"]
[White "Zunker, Reinhard"]
[Black "Byrne, Ray"]
[Result "1/2-1/2"]
[WhiteTitle "FM"]
[WhiteElo "2134"]
[BlackElo "1987"]
[WhiteTeam "Hessen 1"]
[BlackTeam "Ireland"]
[WhiteFideId "4617711"]
[BlackFideId "2500922"]
[EventDate "2016.06.26"]

1. Nf3 Nf6 2. c4 e6 3. g3 d5 4. Bg2 Be7 5. O-O O-O 6. b3 c6 7. Bb2 Nbd7 8. Qc2
b6 9. d4 Bb7 10. Nbd2 Rc8 11. Rac1 Ba8 12. Rfd1 c5 13. Qb1 Qc7 14. cxd5 exd5 15.
Bh3 Rcd8 16. dxc5 bxc5 17. Nd4 Rfe8 18. Nf5 Bf8 19. e3 Qb6 20. Bg2 Bb7 21. Nh4
Ne5 22. Ndf3 Nxf3+ 23. Nxf3 Ne4 24. Ne1 d4 25. exd4 cxd4 26. Nd3 Qa5 27. Qa1 1/2-1/2

[Event "World Senior Teams +65"]
[Site "Radebeul GER"]
[Date "2016.07.03"]
[Round "8.12"]
[Board "3"]
[White "Murray, Jim G."]
[Black "Biller, Helmut"]
[Result "0-1"]
[WhiteElo "1834"]
[BlackElo "2082"]
[WhiteTeam "Ireland"]
[BlackTeam "Hessen 1"]
[WhiteFideId "2501490"]
[BlackFideId "4676068"]
[EventDate "2016.06.26"]

1. e4 d6 2. d4 Nf6 3. Nc3 g6 4. Be2 Bg7 5. Be3 c6 6. Qd2 b5 7. a3 O-O 8. h3 Nbd7
9. Nf3 Qc7 10. O-O a6 11. Rad1 c5 12. Nd5 Nxd5 13. exd5 c4 14. Nh2 Bb7 15. Bg5
f6 16. Bh4 Bxd5 17. Rfe1 Rfe8 18. Bf1 Nb6 19. Ng4 Bf7 20. Be2 c3 21. bxc3 Rac8
22. c4 Nxc4 23. Bxc4 Qxc4 24. Qa5 Rc6 25. Ne3 Qc3 26. Qb4 Bh6 27. Qxc3 Rxc3 28.
a4 b4 29. a5 Bxe3 30. Rxe3 Rxc2 31. d5 Rc5 32. Rb3 Rb8 33. Rd4 Rcb5 34. f3 Bxd5
35. Rbd3 b3 0-1

[Event "World Senior Teams +65"]
[Site "Radebeul GER"]
[Date "2016.07.03"]
[Round "8.12"]
[Board "4"]
[White "Mueller, Horst2"]
[Black "O'Leary, Matt"]
[Result "1-0"]
[WhiteElo "2165"]
[BlackElo "1862"]
[WhiteTeam "Hessen 1"]
[BlackTeam "Ireland"]
[WhiteFideId "4679660"]
[BlackFideId "2501970"]
[EventDate "2016.06.26"]

1. c4 Nf6 2. Nf3 c5 3. Nc3 Nc6 4. d4 cxd4 5. Nxd4 e5 6. Nc2 Bc5 7. e3 d6 8. Be2
a6 9. O-O O-O 10. a3 Be6 11. Nd5 Bxd5 12. cxd5 Ne7 13. Bc4 b5 14. Ba2 a5 15. Re1
b4 16. a4 Qb6 17. Bb3 Rac8 18. Re2 Nf5 19. h3 e4 20. Bd2 Nd7 21. Rc1 Ne5 22. Ne1
Qd8 23. f4 Ng6 24. g4 Nxf4 25. gxf5 Nxe2+ 26. Qxe2 Qg5+ 27. Ng2 Qxf5 28. h4 Qe5
29. Rc2 f5 30. Kh1 Qg3 31. Nf4 Qxh4+ 32. Qh2 Qg4 33. Qe2 Qh4+ 34. Qh2 Qe7 35.
Kg2 Rf6 36. Kf1 Rh6 37. Qg3 Qe5 38. Be1 Kf7 39. Qg1 g5 40. Ne6 g4 41. Bg3 Qf6
42. Bf4 Rg6 43. Qg3 h5 44. Bxd6 h4 45. Qf4 Bxd6 46. Qxd6 Rxc2 1-0